| 000 | 00800nab a2200205 i 4500 | ||
|---|---|---|---|
| 001 | 190374 | ||
| 003 | ES-MaACL | ||
| 005 | 20250903230225.0 | ||
| 008 | 210119s2014 sp 000 0 spa d | ||
| 040 | _cES-MaACL | ||
| 100 | 1 |
_aLleonart Amsélem, Alberto J. _eaut _972763 |
|
| 245 | 1 | 3 |
_aLa Biblioteca del Ateneo de Madrid / _cAlberto J. Lleonart Amsélem |
| 610 | 2 | 4 |
_aAteneo de Madrid. _bBiblioteca _91951 |
| 610 | 2 | 4 |
_aAteneo de Madrid- _vObras digitalizadas _91930 |
| 655 | 4 |
_aArtículos _9175745 |
|
| 710 | 2 |
_aAgrupación Ateneísta de Aire Libre _eedt _91274 |
|
| 773 | 0 |
_tBoletín de la Sociedad Ateneísta de Aire Libre, _dMadrid : Sociedad Ateneísta de Aire Libre, 2014, _xISSN 1132-8045 _g2014, n. 46, p. 35 _02830 _92930 _w2830 |
|
| 942 |
_2udc _cANAB _n0 |
||
| 999 |
_c190374 _d190374 |
||